000 00711nam a22001817a 4500
003 UA-OsUOA
001 16625
007 ta
008 20040117b un ||||| |||| 00| 0 ukr d
100 _aКеда О. І.
942 _cSA
040 _aUA-OsUOA
_cUA-OsUOA
_dUA-OsUOA
245 _aРік новий несе у район шкільне ТБ: [Про новації в освітян. галузі Радивилів. р-ну розповів начальник від. освіти райдержадмін. І. О. Кеда]
300 _aС.2
955 _a0
773 0 _w0
_tПрапор перемоги
_dРадивилів
_d2003
_g№100/12 груд./
650 7 _aКраєзнавча робота
_2UDC
999 _c302790
_d302790